000 00433nam a2200181Ia 4500
001 25430
005 20260414151149.0
008 260414t2010||||xx |||||||||||||| ||spa||
041 _aESP
082 _a346.5
_bR77
100 _aRogel Vide, Carlos
_eAUT
245 0 _aFavor debitoris :
_banálisis crítico
260 _c2010
300 _a158 páginas :
_c21 cm.
650 _aDER
654 _aCDE
942 _cLIB
_dJUS
_fJUS
_2ddc
_n
999 _c25430
_d25430